00975 2200265 4500001002100000005001700021008004100038035002400079082001800103090002500121100001200146245019600158260015300354300002900507500002900536650003400565700002100599700001600620700001400636850001400650980001300664985000600677986001100683999001500694YOGYA-0209000001448920090227022424.0 ind  0010-020900000014489 a307.720959822 a307.720959822bSuh D aSUHARDI aDampak tayangan televisi terhadap masyarakat pedesaan di Jawa TengahbKasus desa Nulikan kecamatan Desa Wedi propinsi Jawa TengahcSuhardi, Sigit Widiyanto, Lestariyati ; penyunting Sumarsono aJakartabDepdikbud Ditjen Kebudayaan Direktorat Sejarah dan Nilai Tradisional Bagian Proyek Pengkajian dan Pembinaan Kebudayaan Masa Kinic1995/1996 axiv, 91 hlmbilusc21 cm aBibliografi : hlm. 89-90 aMasyarakat desa - Jawa Tengah aWidiyanto, Sigit aLestariyati aSumarsono aYOPDIY(B) a22-07-05 a1 arthrev aA000006393